Lexicon historiographicum graecum et latinum: LHGandL
Salvato in:
| Autori principali: | , , , |
|---|---|
| Natura: | Libro |
| Lingua: | latino |
| Pubblicazione: |
Pisa
Della Normale
2007
|
| Edizione: | 1a. ed |
| Soggetti: | |
| Tags: |
Aggiungi Tag
Nessun Tag, puoi essere il primo ad aggiungerne!!
|
MARC
| LEADER | 00000cam a2200000 a 4500 | ||
|---|---|---|---|
| 001 | UCE3803 | ||
| 003 | CL-VaPUC | ||
| 008 | 140925e20070000it |||||||||||||||||lat|d | ||
| 020 | |a 9788876421475 | ||
| 020 | |a 9788876421877 | ||
| 082 | 0 | 4 | |a 483 |b NEN |2 21 |
| 100 | |a Nenci, Giuseppe |e autor |9 576325 | ||
| 700 | 0 | |a Ampolo, Carmine |e author |9 576326 | |
| 700 | 0 | |a Fantasia, Ugo |e author |9 576327 | |
| 700 | 0 | |a Porciani, Leone |e author |9 576328 | |
| 245 | 1 | 0 | |a Lexicon historiographicum graecum et latinum: LHGandL |
| 250 | |a 1a. ed | ||
| 300 | |a v | ||
| 942 | |c BK | ||
| 945 | |d 20140925 17:45:00 |a arojas | ||
| 260 | |a Pisa |b Della Normale |c 2007 | ||
| 650 | 7 | |a GRIEGO |2 CL-VaPUC |9 317586 | |
| 650 | 7 | |a LENGUA GRIEGA |2 CL-VaPUC |9 576329 | |
| 650 | 0 | |a Lexicología |9 323170 | |
| 650 | 0 | |a Historiografía |9 257871 | |
| 583 | |a last modification |c 20140925 17:45:00 |k Rodrigo Vera | ||
| 999 | |c 356953 |d 356951 | ||
| 952 | |0 0 |1 0 |3 erb |4 0 |6 483_000000000000000_NEN_2007 |7 0 |8 A |9 464745 |a BIBHIS |b BIBHIS |h v.1 |i 5115116 |o 483 NEN 2007 |p 5115116 |r 2025-01-20 |w 2019-11-23 |y BK |z Catalogado en:20140925 |k HIS | ||
| 952 | |0 0 |1 0 |3 erb |4 0 |6 483_000000000000000_NEN_2007 |7 0 |8 A |9 464746 |a BIBHIS |b BIBHIS |h v.2 |i 5115108 |l 1 |m 5 |o 483 NEN 2007 |p 5115108 |r 2025-01-20 |s 2022-09-23 |w 2019-11-23 |y BK |z Catalogado en:20140925 |k HIS | ||
| 952 | |0 0 |1 0 |3 erb |4 0 |6 483_000000000000000_NEN_2007 |7 0 |8 A |9 464747 |a BIBHIS |b BIBHIS |h v.3 |i 5268249 |l 2 |m 9 |o 483 NEN 2007 |p 5268249 |r 2025-03-17 |s 2024-07-23 |w 2019-11-23 |y BK |z Catalogado en:20160324 |k HIS | ||